[Event "CRO-chT3 South"]
[Site "Dubrovnik"]
[Date "2013.05.18"]
[Round "4.2"]
[White "Vukusic, Zvonimir"]
[Black "Maroja, Stanislav"]
[Result "1/2-1/2"]
[WhiteElo "2075"]
[BlackElo "2107"]
[PlyCount "52"]
[EventDate "2013.04.27"]
[EventType "team-tourn"]
[EventRounds "7"]
[EventCountry "CRO"]
[SourceTitle "EXT 2014"]
[Source "ChessBase"]
[SourceDate "2013.11.20"]
[SourceVersion "1"]
[SourceVersionDate "2013.11.20"]
[SourceQuality "1"]
[WhiteTeam "Split Brda II"]
[BlackTeam "Novigrad"]
[WhiteTeamCountry "CRO"]
[BlackTeamCountry "CRO"]

1. d4 d5 2. Nf3 Nf6 3. Bf4 e6 4. Nbd2 Bd6 5. Bxd6 Qxd6 6. e3 Nbd7 7. c4 c6 8. Bd3 e5 9. cxd5 cxd5 10. dxe5 Nxe5 11. Nxe5 Qxe5 12. Qb3 0-0 13. h3 Qg5 14. g4 Qe5 15. Nf3 Qd6 16. Nd4 Bd7 17. 0-0-0 Bc6 18. Kb1 g6 19. g5 Nh5 20. h4 Qe7 21. Be2 Ng7 22. Bf3 Rad8 23. Rc1 Qd7 24. h5 Ne6 25. Rcg1 Nxd4 26. exd4 Qe6 1/2-1/2

[Event "CRO-chT 16th"]
[Site "Sibenik"]
[Date "2007.05.20"]
[Round "4"]
[White "Vukusic, Zvonimir"]
[Black "Bozinovic, Bogdan"]
[Result "0-1"]
[WhiteElo "2111"]
[BlackElo "2268"]
[PlyCount "54"]
[EventDate "2007.05.17"]
[EventType "team"]
[EventRounds "5"]
[EventCountry "CRO"]
[SourceTitle "CBM 118 Extra"]
[Source "ChessBase"]
[SourceDate "2007.07.04"]
[SourceVersion "1"]
[SourceVersionDate "2007.07.04"]
[SourceQuality "1"]

1. f4 c5 2. Nf3 Nf6 3. b3 e6 4. Bb2 Be7 5. g3 b6 6. Bg2 Bb7 7. Nc3 0-0 8. 0-0 d6 9. Rc1 a6 10. a4 Qc7 11. Qe1 d5 12. e3 Nc6 13. h3 Rfe8 14. g4 d4 15. Ne2 dxe3 16. dxe3 Nd5 17. Ng3 Bf6 18. Bxf6 Nxf6 19. g5 Nd5 20. Nh5 Rad8 21. c4 Ndb4 22. Qh4 Ne7 23. Nxg7 Kxg7 24. Qh6+ Kg8 25. g6 fxg6 26. e4 Bxe4 27. Rcd1 Nf5 0-1

[Event "Epetium op"]
[Site "Stobrec"]
[Date "2006.08.18"]
[Round "6"]
[White "Paradjina, Dusko"]
[Black "Vukusic, Zvonimir"]
[Result "1/2-1/2"]
[WhiteElo "2016"]
[BlackElo "2089"]
[PlyCount "47"]
[EventDate "2006.08.11"]
[EventType "swiss"]
[EventRounds "7"]
[EventCountry "CRO"]
[SourceTitle "EXT 2007"]
[Source "ChessBase"]
[SourceDate "2006.11.23"]
[SourceVersion "1"]
[SourceVersionDate "2006.11.23"]
[SourceQuality "1"]

1. e4 e6 2. Nc3 d5 3. d3 c5 4. a3 Nc6 5. Nf3 Nf6 6. exd5 exd5 7. h3 Bf5 8. g4 Bg6 9. Bg2 d4 10. Ne2 Bd6 11. Bf4 Nd5 12. Bxd6 Qxd6 13. Qd2 h5 14. Qg5 Nde7 15. Nh4 hxg4 16. Nxg6 Nxg6 17. hxg4 Rxh1+ 18. Bxh1 Qe5 19. Qf5 Qxf5 20. gxf5 Nh4 21. Ng3 Kf8 22. f4 Re8+ 23. Kf2 Re3 24. Be4 1/2-1/2

[Event "Epetium op"]
[Site "Stobrec"]
[Date "2006.08.13"]
[Round "3"]
[White "Vukusic, Zvonimir"]
[Black "Milosavljevic, Jovan"]
[Result "1/2-1/2"]
[WhiteElo "2089"]
[BlackElo "2093"]
[PlyCount "30"]
[EventDate "2006.08.11"]
[EventType "swiss"]
[EventRounds "7"]
[EventCountry "CRO"]
[SourceTitle "EXT 2007"]
[Source "ChessBase"]
[SourceDate "2006.11.23"]
[SourceVersion "1"]
[SourceVersionDate "2006.11.23"]
[SourceQuality "1"]

1. Nf3 Nf6 2. g3 d5 3. Bg2 c6 4. b3 Nbd7 5. Bb2 Qc7 6. d4 e6 7. Nbd2 Bd6 8. c4 b6 9. 0-0 0-0 10. Rc1 Re8 11. Qc2 Ba6 12. Rfe1 Rac8 13. e4 dxe4 14. Nxe4 Nxe4 15. Qxe4 Nf6 1/2-1/2

[Event "Epetium op"]
[Site "Stobrec"]
[Date "2006.08.11"]
[Round "1"]
[White "Vukusic, Zvonimir"]
[Black "Krnic, Ivan"]
[Result "1/2-1/2"]
[WhiteElo "2089"]
[BlackElo "2137"]
[PlyCount "27"]
[EventDate "2006.08.11"]
[EventType "swiss"]
[EventRounds "7"]
[EventCountry "CRO"]
[SourceTitle "EXT 2007"]
[Source "ChessBase"]
[SourceDate "2006.11.23"]
[SourceVersion "1"]
[SourceVersionDate "2006.11.23"]
[SourceQuality "1"]

1. Nf3 Nf6 2. g3 d5 3. Bg2 c6 4. b3 Bg4 5. Bb2 e6 6. 0-0 Bd6 7. c4 Nbd7 8. h3 Bh5 9. Nc3 0-0 10. Rc1 dxc4 11. bxc4 Qc7 12. d4 Rad8 13. e4 e5 14. d5 1/2-1/2